000 01126nmm a2200301 a 4500
001 0000013052
003 CO-CtgCURN
005 20250331184418.0
007 co cga---uuuuu
008 160627s1998 i eng d
020 _a8470461370
040 _aCO-CtgCURN
_bspa
_ccoctgcurn
082 0 _a341
_bC172t
100 1 _aCamargo de la Torre, Pedro Pablo.
245 1 0 _aTratado de derecho internacional publico
_h[electronic resource] /
_cPedro Pablo Camargo.
250 _a2a ed.
260 _aBogotá :
_bLeyer,
_c1998.
300 _a1281 p + 1 Cd - Rom.
336 _2rdacontent
337 _2rdamedia
_asin mediacion
_bn
338 _2rdacarrier
_avolumen
_bnc
500 _aIncluye indice.
505 8 _aIntroducción al estudio de derecho internacional.--Desarrollo teorico del derecho internacional.--Desenvolvimiento historico del derecho internacional.--La codificacion del derecho internacional
650 0 _aDerecho internacional
_vCompendios, sinopsis, etc.
908 _a160627
942 _cBK
_h341
_iC172t
_2ddc
999 _c18859
_d18859